| 000 | 00472nam a2200169Ia 4500 | ||
|---|---|---|---|
| 999 |
_c853 _d853 |
||
| 003 | OSt | ||
| 005 | 20201230104825.0 | ||
| 008 | 190216s9999||||xx |||||||||||||| ||und|| | ||
| 040 | _coclc | ||
| 082 |
_a492.7 _bALI/S |
||
| 100 |
_aAli, M T Muhammad _94605 |
||
| 245 | 0 |
_aSugama Arabi Vyakaranam / _cM T Muhammad Ali |
|
| 260 |
_bVicharam Books, _c2009. _aThrissur: |
||
| 300 | _a577p | ||
| 650 | _aArabic | ||
| 942 |
_cBK _2ddc _h492.7 _iALI/S _k492.7 _mALI/S |
||